LEADER 01247nam2-2200397---450- 001 990000557590203316 005 20090710153826.0 010 $a88-14-04126-1 035 $a0055759 035 $aUSA010055759 035 $a(ALEPH)000055759USA01 035 $a0055759 100 $a20010711d1993----km-y0itay0103----ba 101 $aita 102 $aIT 105 $a||||||||001yy 200 1 $aCanone, oneri accessori e rapporti con il condominio, locazioni escluse$v2$fMaurizio De Tilla 205 $a4. ed. 210 $aMilano$cGiuffrè$dc1993 215 $aXX, 673 p.$d24 cm 410 $12001 461 1$10010055756$12001$a<> locazioni nella prassi giudiziaria 606 0 $aLocazione 676 $a346.450434 700 1$aDE TILLA,$bMaurizio$07752 801 0$aIT$bsalbc$gISBD 912 $a990000557590203316 951 $aXXV.1.H 149/2 (IG I 1126/II)$b2023 G$cXXV.1.H 149/2 (IG I)$d00236378 959 $aBK 969 $aGIU 979 $aPATTY$b90$c20010711$lUSA01$h0956 979 $c20020403$lUSA01$h1705 979 $aPATRY$b90$c20040406$lUSA01$h1639 979 $aRSIAV1$b90$c20090710$lUSA01$h1538 996 $aCanone, oneri accessori e rapporti con il condominio, locazioni escluse$9884521 997 $aUNISA LEADER 02978nam 2200757 450 001 9910786409103321 005 20200520144314.0 010 $a0-7735-9051-X 010 $a0-7735-9701-8 024 7 $a10.1515/9780773597013 035 $a(CKB)3710000000120189 035 $a(EBL)3332710 035 $a(SSID)ssj0001327324 035 $a(PQKBManifestationID)11728763 035 $a(PQKBTitleCode)TC0001327324 035 $a(PQKBWorkID)11267654 035 $a(PQKB)10673624 035 $a(MiAaPQ)EBC3332710 035 $a(CEL)447312 035 $a(OCoLC)887636509 035 $a(CaBNVSL)slc00234733 035 $a(Au-PeEL)EBL3332710 035 $a(CaPaEBR)ebr10874966 035 $a(DE-B1597)657471 035 $a(DE-B1597)9780773597013 035 $a(EXLCZ)993710000000120189 100 $a20140606h20142014 uy 0 101 0 $aeng 135 $aurcnu|||||||| 181 $ctxt 182 $cc 183 $acr 200 10$aFrom India to Israel $eidentity, immigration and the struggle for religious equality /$fJoseph Hodes 210 1$aMontreal, Quebec :$cMcGill-Queen's University Press,$d2014. 210 4$d©2014 215 $a1 online resource (229 p.) 225 1 $aMcGill-Queen's Studies in the History of Religion. Series Two ;$v69 300 $aBased on thesis (doctoral) - York University, 2011, under title: From India to Israel : the journey of a Jewish community. 311 $a0-7735-4339-2 320 $aIncludes bibliographical references and index. 327 $aIntroduction: The Bene Israel in Premodern India -- 1 The Modern Period -- 2 Zionism Comes to the Bene Israel -- 3 The Ingathering of Exiles -- 4 Arrival in Israel -- Conclusion. 330 $aBetween May 1948 and December 1951, Israel received approximately 684,000 immigrants from across the globe. This book examines Israel's first decades through the perspective of an Indian Jewish community, the Bene Israel, who would go on to play an important role in the creation of the state. 410 0$aMcGill-Queen's studies in the history of religion.$nSeries two ;$v69. 606 $aBene-Israel$xHistory 606 $aJews$zIndia$xHistory 606 $aJews$xIdentity$xHistory 606 $aFreedom of religion$zIndia$xHistory 606 $aFreedom of religion$zIsrael$vHistory 607 $aIndia$xEmigration and immigration$xHistory 607 $aIsrael$xEmigration and immigration$xHistory 607 $aIndia$xEthnic relations$xHistory 607 $aIsrael$xEthnic relations$xHistory 615 0$aBene-Israel$xHistory. 615 0$aJews$xHistory. 615 0$aJews$xIdentity$xHistory. 615 0$aFreedom of religion$xHistory. 615 0$aFreedom of religion 676 $a954.004/924 700 $aHodes$b Joseph$01530266 801 0$bMiAaPQ 801 1$bMiAaPQ 801 2$bMiAaPQ 906 $aBOOK 912 $a9910786409103321 996 $aFrom India to Israel$93775230 997 $aUNINA